000 00952cam a2200301 a 4500
001 2513
005 20250331093532.0
020 _a9780060583385
040 _aDLC
_cDLC
_dDLC
_beng
050 0 0 _aPZ7.B4483
_b 2005
082 0 0 _a813.6
100 1 _aBerenstain, Stan
_d1923-2005
245 1 4 _aThe Berenstain Bears play T-ball /
_cStan & Jan Berenstain
250 _aFirst Edition
260 _aNew York :
_bHarperCollins,
_c2005
300 _a32 pages :
_bcolor illustrations ;
_c24 cm
505 _aG
520 _aWhen Brother and Sister Bear help teach some younger cubs how to play T-ball, they learn a lesson in patience.
521 1 _a390
_bLexile
521 1 _aG
_bRaz-Plus
650 1 _aT-ball
_vFiction.
650 1 _aPatience
_vFiction.
650 1 _aBears
_vFiction.
650 1 _aSiblings
_vFiction.
700 1 _aBerenstain, Jan
_d1923-2012
906 _a7
_bcbc
_corignew
_d1
_eecip
_f20
_gy-gencatlg
942 _2ddc
_cBK
_n0
999 _c2513
_d2513